Responses for Show #5176 - Monday, February 26, 2007

Contestants

[<< previous game]

Marc Spraragen, a graduate student from Los Angeles, California

Chuck Newell, an English teacher from Chattanooga, Tennessee

Sri Narayanan, a pediatric resident from Cleveland Heights, Ohio (whose 2-day cash winnings total $60,000)

[next game >>]

Jeopardy! Round responses

LITERARY LONDON
HERE'S WALDO
FINISH THE REALLY LOOSE RHYME
(Alex: And they are really loose.)
THIS MEANS WAR!
AT THE DRUGSTORE
THET IZN'T SPELED RITE
(Alex: And you have to find the misspelled word in the clue.)
    $200 6
Harry Potter

Chuck
    $200 11
Mr. Magoo

Marc
    $200 16
Rumsfeld

Chuck
    $200 26
World War I

Marc
    $200 21
sleeping

Marc
    $200 1
champagne

Sri
    $400 7
The Da Vinci Code

Chuck
    $400 12
Sundance

Sri
    $400 17
Al Gore

Chuck
    $400 27
the Trojan War

Chuck
    $400 22
razors

Sri
    $400 2
mirthful

Marc
    $600 8
War of the Worlds

Sri
    $600 13
(Chuck: What is a parrot?)

a myna bird

ChuckMarc
    $600 18
Joyce Brothers

Chuck
    $2,000 28
Haiti

Chuck
    $600 23
Q-tips

Marc
    $600 3
outrageous

Chuck
    $800 9
Percy Shelley

Marc
    $800 14
Robert Redford

Chuck
    $800 19
Peru

Marc
    $800 29
the Spanish Civil War

Marc
    $800 24
Listerine

Marc
    $800 4
abysmal

Marc
    $1000 10
Moll Flanders

Marc
    $1000 15
(James) Cagney

Marc
    $1000 20
gecko

Sri
    $1000 30
(Marc: What is Spain?)

Austria

Marc
Triple Stumper
    $1000 25
reflux

Marc
    $1000 5
(Alex: Right, you guys are good spellers, way to go!)

overwrought

Chuck

Scores at the first commercial break (after clue 15):

Sri Chuck Marc
$1,200 $2,400 $4,800

Scores at the end of the Jeopardy! Round:

Sri Chuck Marc
$2,600 $6,000 $8,200

Double Jeopardy! Round responses

OPERA
BEST PICTURES IN OTHER WORDS
MEDITERRANEAN ISLANDS
EDUCATION
THAT'S GONNA COST YOU
AN "ARM" OR A "LEG"
    $400 26
Don Giovanni

Marc
    $400 6
Titanic

Marc
    $400 13
(Marc: What is Corsica?)
(Sri: What is Sicily?)
(Chuck: What is Sardinia?)
(Alex: No. Remember the dates. 1814-1815. [*], his exile on [*].)

Elba

SriChuckMarc
Triple Stumper
    $400 11
bussing

Chuck
    $400 21
the Virgin Islands

Sri
    $400 1
Army of the Potomac

Sri
    $800 27
La bohème

Triple Stumper
    $800 7
Tom Jones

Marc
    $800 14
Crete

Chuck
    $800 12
Notre Dame

Sri
    $800 22
Central Park

Chuck
    $800 2
the Spanish Armada

Sri
    $2,000 28
[The end-of-round signal sounds.]

Aida

Marc
    $1200 8
All About Eve

Chuck
    $1200 16
Majorca

Marc
    $1200 15
Health, Education & Welfare

Marc
    $1200 23
the Panama Canal

Marc
    $1200 3
John Leguizamo

Sri
    $2,300 9
Lost Weekend

Chuck
    $1600 19
Tunisia

Sri
    $1600 17
(Marc: What is Cooper Union?)

American Federation of Teachers (AFT)

Marc
Triple Stumper
    $1600 24
(Roger) Williams

Chuck
    $1600 4
an armory

Sri
    $2000 10
(Marc: What is Zola? What is [*]--)
(Alex: [Breaking in just as Marc finishes correcting himself] Nope. Chuck or Sri? The film was titled [*]. We needed more than just "Zola" on that one.)
[Alex noted that he had not heard Marc correct himself and credit was restored prior to clue 28--taking Marc into the lead as he went into the final Daily Double.]

The Life of Emile Zola

Marc
    $2000 20
Corsica

Triple Stumper
    $2000 18
Chautauqua

Marc
    $2000 25
the Gadsden

Sri
    $2000 5
[Applause for Sri's run of the category]

leggings

Sri

Scores at the end of the Double Jeopardy! Round:

Sri Chuck Marc
$13,000 $12,700 $17,400

[wagering suggestions for these scores]

Final Jeopardy! Round responses

AMERICANA
(Alex: No, it was the anniversary of Washington's birthday. He threw [*], and he threw it 317 feet--what an arm!)
ChuckWhat is a baseball?
$4,800
SriWhat is a cannonball?
$12,800
MarcWhat is a cannonball
$8,601
a silver dollar

Final scores:

Sri Chuck Marc
$200 $7,900 $8,799
3rd place: $1,000 2nd place: $2,000 New champion: $8,799

Game dynamics:

Coryat scores:

Sri Chuck Marc
$13,000 $10,600 $16,600
14 R,
1 W
16 R
(including 2 DDs),
2 W
23 R
(including 1 DD),
3 W

Combined Coryat: $40,200

[game clues] [game scores] [suggest correction]

Game tape date: 2006-12-05
The J! Archive is created by fans, for fans. Scraping, republication, monetization, and malicious use prohibited; this site may use cookies and collect identifying information. See terms. The Jeopardy! game show and all elements thereof, including but not limited to copyright and trademark thereto, are the property of Jeopardy Productions, Inc. and are protected under law. This website is not affiliated with, sponsored by, or operated by Jeopardy Productions, Inc. Join the discussion at JBoard.tv.